| Tag |
First Indicator |
Second Indicator |
Subfields |
| LEADER |
00000cam a22000001a 4500 |
| 001 |
in00004103708 |
| 005 |
20200117093135.0 |
| 006 |
m d f |
| 007 |
cr bn mmmapmmp |
| 008 |
120514s2012 mdu ob f000 0 eng d |
| 035 |
|
|
|a chdc20121406
|
| 040 |
|
|
|a UMI
|c UMI
|d UtOrBLW
|
| 043 |
|
|
|a n-us---
|
| 086 |
0 |
|
|a Y 4.B 22/3:S.HRG.112-241
|
| 110 |
1 |
|
|a United States.
|b Congress.
|b Senate.
|b Committee on Banking, Housing, and Urban Affairs.
|0 http://id.loc.gov/authorities/names/n81033403
|
| 245 |
1 |
0 |
|a Enhanced oversight after the financial crisis :
|b the Wall Street Reform Act at one year : hearing before the Committee on Banking, Housing, and Urban Affairs, United States Senate, One Hundred Twelfth Congress, first session ... July 21, 2011.
|
| 264 |
|
1 |
|a Bethesda, Md. :
|b ProQuest,
|c 2012.
|
| 300 |
|
|
|a iii, 205 pages, digital, PDF file.
|
| 336 |
|
|
|a text
|b txt
|2 rdacontent
|
| 337 |
|
|
|a computer
|b c
|2 rdamedia
|
| 338 |
|
|
|a online resource
|b cr
|2 rdacarrier
|
| 490 |
1 |
|
|a S. hrg. ;
|v 112-241
|
| 500 |
|
|
|a Shipping list number: 2012-0297-P.
|
| 504 |
|
|
|a Includes bibliographical references.
|
| 500 |
|
|
|a Record is based on bibliographic data in ProQuest Congressional Hearings Digital Collection. Reuse except for individual research requires license from ProQuest, LLC.
|
| 500 |
|
|
|a Electronic resource.
|
| 533 |
|
|
|a Electronic reproduction.
|b [Bethesda, Md.] :
|c ProQuest,
|d 2012.
|e digital, PDF file.
|n ProQuest Congressional Hearings Digital Collection.
|n Mode of access: World Wide Web via ProQuest website.
|
| 538 |
|
|
|a System requirements: PDF reader software.
|
| 610 |
1 |
0 |
|a United States.
|t Dodd-Frank Wall Street Reform and Consumer Protection Act.
|0 http://id.loc.gov/authorities/names/no2010151934
|
| 650 |
|
0 |
|a Financial services industry
|x Government policy
|z United States.
|
| 650 |
|
0 |
|a Global Financial Crisis, 2008-2009.
|0 http://id.loc.gov/authorities/subjects/sh2009003683
|
| 776 |
0 |
8 |
|i Print version:
|a United States. Congress. Senate. Committee on Banking, Housing, and Urban Affairs.
|t Enhanced oversight after the financial crisis
|w (OCoLC)793519441
|z 9780160909733
|z 0160909732
|
| 776 |
0 |
8 |
|i Microfiche version:
|a United States. Congress. Senate. Committee on Banking, Housing, and Urban Affairs.
|t Enhanced oversight after the financial crisis
|d [Bethesda, Md.] : ProQuest,[2012]
|o CIS 2012 S241-32
|w (ProQuest)cis01203354
|
| 810 |
1 |
|
|a United States.
|b Congress.
|b Senate.
|t S. hrg. ;
|v 112-241.
|0 http://id.loc.gov/authorities/names/n83707917
|
| 856 |
4 |
0 |
|u http://proxy.library.tamu.edu/login?url=http://search.proquest.com/congcomp/getdoc?HEARING-ID=HRG-2011-BHU-0039
|y Electronic resource (PDF)
|t 0
|
| 998 |
|
|
|a cis01203354
|
| 999 |
f |
f |
|s a916ed1b-2fc6-3acd-947a-9284e7fcb046
|i b3b44e8a-cf26-3173-bf86-4ca61aa571ec
|t 0
|
| 952 |
f |
f |
|a Texas A&M University
|b College Station
|c Electronic Resources
|d Available Online
|t 0
|e Y 4.B 22/3:S.HRG.112-241
|h Superintendent of Documents classification
|
| 998 |
f |
f |
|a Y 4.B 22/3:S.HRG.112-241
|t 0
|l Available Online
|